000 01753cam a2200349 4500
008 090401t1998 xxu||||| |||| 00| 0 eng d
020 _a1851121331
035 _a(Sirsi) u90667
041 _aeng
050 _a333.33
_c18
100 _aRandolph, Bill
245 _aKey research on easier home buying and selling
260 _aLondon
_bDETR
_c1998
300 _a119p.
_c30cm.
350 _a12
490 _aDETR Housing Research Report
520 _aA study of the home buying and selling process in the UK which reveals that: it typically takes eight weeks from acceptance of an offer on a property to exchange of contract; that well prepared buyers and sellers experience fewer delays; the typical cost of a transaction is £1 060 to the buyer and £1 400 to the seller; the process is inefficient; and that all parties more information should be offered in advance. The report forms a part of the OPDM home buying and selling policy website which outlines the development of the Housing Bill and HIPs. View at www.housing.odpm.gov.uk.
650 _aHOME INFORMATION PACKS
650 _aPROPERTY-RESIDENTIAL PROPERTY-ACQUISITION AND DISPOSAL OF RESIDENTIAL PROPERTY
650 _aHOUSE SALES
650 _aPROPERTY-RESIDENTIAL PROPERTY-ACQUISITION AND DISPOSAL OF RESIDENTIAL PROPERTY
690 _aHOUSING
700 _aWagstaff, Michael
700 _aKendall, Lee
700 _aRobertson, Douglas.
710 _aPS Martin Hamblin
_93745
710 _aUniversity of Stirling
_9586
710 _aUnited Kingdom
_bDepartment of the Environment, Transport and the Regions
_93507
856 _uhttps://www.communities.gov.uk/index.asp?id=1151069
_vView the research on the ODPM website...
942 _n0
948 _c12/01/1999
999 _c97574
_d97574